US States That Start With "N" Without First or Last Letters Quiz - Statistics

General Stats
  • This quiz has been taken 18 times
  • The average score is 8 of 8
Answer Stats
"N" US States Without First or Last Letters Full US State Names % Correct
ebrask Nebraska
100%
evad Nevada
100%
e ampshir New Hampshire
100%
e exic New Mexico
100%
ort arolin North Carolina
100%
ort akot North Dakota
94%
e erse New Jersey
88%
e or New York
81%
No matching quizzes found
Score Distribution
Percent of People with Each Score
Percentile by Number Answered
Your Score History
You have not taken this quiz